MDQL
is popping MORE tags! Check the
thread
!
Quizzes
Events
Quiz Creation
Community
Videos
Private Events
Remove Ads
Sign In
Join for FREE
Feedback
Dark Mode
Quiz Categories
Sports
Geography
Music
Movies
Television
Just For Fun
Miscellaneous
History
Literature
Language
Science
Gaming
Entertainment
Religion
Holiday
For Kids
Quiz Lab
Recent
Popular Today
Quiz Kudos Today
Editor Picks
Curator Picks
Quizzes by...
Day
Popularity
Type
Ratings
Length
Year
Community
Subscriptions
Recent Discussions
Orange Saloon
Badges
Playlists
Quests
Create
Leaderboards
Showdown
Live 5
Trivia Bingo
Activity
Puzzle Library
Sporcle Events
Private Events
Virtual Trivia
Globe League
Become a Host
Pub Owners
SporcleCon
Opinionation
Our Games
Videos
Blog
Mobile Apps
Partnerships
Remove Ads and Go Orange
Feedback
Miscellaneous
Crossword
General Knowledge
Baby Names
Logo
Food
Cars
Numbers
Grab Bag
University
College
Popular
Company
Slogans
Restaurants
Justice
Letter
Miscellaneous
Crossword
General Knowledge
Baby Names
Logo
Food
Cars
Numbers
Grab Bag
University
College
Popular
Company
Slogans
Restaurants
Justice
Letter
Random Quiz
Search Sporcle
×
Quiz Lab
Quiz Lab
Miscellaneous
Capital
Type in answers that appear in a list
Type in answers that appear in a list
Classic
Best Score? Go Orange.
A-Z how fast can you type Stats
Can you type A-Z in capitals and lowercase in 30 secs?
By
SporcleEXP
30s
52 Questions
178 Plays
178 Plays
178 Plays
Comments
Comments
Give Quiz Kudos
Give Quiz Kudos
-
- Ratings
hide this ad
Replay
Link that replays current quiz
Next Quiz
Link to next quiz in quiz playlist
You Got
0%
They Got
Avg Score
75%
Avg Friend Score
Upgrade to see
Score Distribution
Jump to the score distribution portion of the page
Score
0/52
Timer
00:30
0
Plays Today
Hint
Answer
% Correct
Uppercase
A
95.5%
Uppercase
E
92.6%
Uppercase
C
90.9%
Uppercase
B
90.3%
Uppercase
P
89.8%
Uppercase
D
89.2%
Uppercase
I
88.6%
Uppercase
U
88.6%
Uppercase
F
88.1%
Uppercase
G
88.1%
Uppercase
L
88.1%
Uppercase
Q
88.1%
Uppercase
R
88.1%
Uppercase
H
87.5%
Uppercase
O
87.5%
Uppercase
S
87.5%
Uppercase
T
86.9%
Uppercase
J
86.4%
Uppercase
K
86.4%
Uppercase
N
86.4%
Uppercase
M
85.8%
Uppercase
V
85.8%
Uppercase
W
85.8%
Uppercase
X
82.4%
Uppercase
Y
82.4%
Uppercase
Z
79%
Hint
Answer
% Correct
lowercase have to type letter twice
aa
79%
lowercase have to type letter twice
ee
77.8%
lowercase have to type letter twice
cc
76.7%
lowercase have to type letter twice
dd
76.7%
lowercase have to type letter twice
bb
75.6%
lowercase have to type letter twice
ff
73.9%
lowercase have to type letter twice
gg
72.7%
lowercase have to type letter twice
hh
71%
lowercase have to type letter twice
ii
69.3%
lowercase have to type letter twice
jj
68.2%
lowercase have to type letter twice
kk
67%
lowercase have to type letter twice
ll
66.5%
lowercase have to type letter twice
mm
64.2%
lowercase have to type letter twice
qq
62.5%
lowercase have to type letter twice
nn
61.9%
lowercase have to type letter twice
oo
60.8%
lowercase have to type letter twice
pp
60.8%
lowercase have to type letter twice
rr
60.2%
lowercase have to type letter twice
ss
59.7%
lowercase have to type letter twice
tt
55.1%
lowercase have to type letter twice
ww
54%
lowercase have to type letter twice
uu
53.4%
lowercase have to type letter twice
vv
52.8%
lowercase have to type letter twice
xx
47.7%
lowercase have to type letter twice
yy
47.2%
lowercase have to type letter twice
zz
46.6%
Quiz Playlist
Details
Report
Send in Message
Add To Playlist
Classic:
Type in answers that appear in a list
Last Updated: Apr 29, 2017
Quiz Scoreboard
CHALLENGE
Sign Up to Join the Scoreboard
Show All
Scores
Hide
Comments
May contain spoilers
Recently Published
1-10 Letter E Words III
by El_Dandy
Language
2m
Street Fighter Characters
by Artimus82
Gaming
60s
College Basketball Coaching Resumes
by pancakes188
Sports
9m
More to Explore
Quiz From the Vault
Featured Blog Post
Where Did the Easter Bunny Come From?
hide this ad
You Might Also Like...
Tags
Capital Quiz
A-Z
fast
Lowercase
SEC
Today's Top Quizzes in Miscellaneous
Browse Miscellaneous
hide this ad
Today's Top Quizzes in Capital
Browse Capital
Top Contributed Quizzes in Miscellaneous
1
5-to-1: Fast Food
2
The JOE quick-fire general knowledge quiz: Day 174
3
The JOE quick-fire general knowledge quiz: Day 173
4
5-to-1: Cocktails
5
The JOE quick-fire general knowledge quiz: Day 172
6
9x9 Crossword: Disney Movie Titles
7
9x9 Crossword: Charlie and the Chocolate Factory
8
Sunday Crossword: Famous Bodies of Water
9
The JOE quick-fire general knowledge quiz: Day 171
10
9x9 Crossword: Flags
Explore More
Trending Topics
Disney
Marvel
Anime
Harry Potter
NBA
Crossword
Kpop
Puzzle
NFL
WWE
The Office
Country
Song
Soccer
Pokémon
hide this ad
More By:
SporcleEXP
Quiz
Plays
Rating
Category
Featured
Created
Harry Potter Deaths in Order Minefield
3,068,642
4.18
Literature
Jan 27, 2016
Sins, Dwarfs, and Spice Girls
847,295
4.42
Just For Fun
Apr 11, 2012
Ancient History Bunker
708,235
4.28
History
Jan 20, 2014
Movie Posters VI
679,067
4.37
Movies
Nov 12, 2010
Movie Posters VII
621,889
4.44
Movies
Apr 16, 2011
Go to Creator's Profile
Score Distribution
Quiz Creator Spotlight
SporcleEXP
Follow
Send a Message
Quizzes Created
-
Created Quiz Play Count
-
More By This Creator
Popular Quizzes Today
1
Find the US States - No Outlines Minefield
2
Find the Countries of Europe - No Outlines Minefield
3
The Countries of the World
4
Find the US States
5
Risky Map Clicking: Biggest States A-Z
6
US States
7
Popular People in 1961
8
Movies - When Are They Set?
More Miscellaneous Quizzes
Sporcle Sporcle Hippos
Editor's Pick
Trending Quizzes
Risky Map Clicking: Least Populous States A-Z
1-10 Letter G Words
USA Borders Longest to Shortest
1-10 Letter F Words
Countries of the World: 200 Million BC
Recently Updated
Leaping Animals
pecheneg
Reality TV Shows (A-Z)
bhenderson79
Rickey Henderson's Hall of Fame Teammates
pecheneg
Champions League XIs: Arsenal
pecheneg
Quick Pick: Celebrities in WWE's Hall of Fame
aduchscher
A-Z Keypad Blitz II
pecheneg
Multiple Oscar Actors
pecheneg
Mystery Phrase Blitz: Oscar 'Best Actors'
pecheneg
F. Scott Fitzgerald Novels
LTH
Pick 3 Villains
ddd62291
Trending Topics
Kpop
Harry Potter
Disney
Marvel
Crossword
Anime
NBA
The Office
Pokémon
Country
Soccer
Song
WWE
Puzzle
NFL
Your Account Isn't Verified!
In order to create a playlist on Sporcle, you need to verify the email address you used during registration. Go to your
Sporcle Settings
to finish the process.
Report this User
Report this user for behavior that violates our
Community Guidelines
.
Details:
Send Report
Go to the Sporcle.com Mobile Site →
Comments